| 000 | 00743cam a2200241ua 4500 | ||
|---|---|---|---|
| 001 | 10897 | ||
| 005 | 20260515114655.0 | ||
| 008 | 190902n ii |||gr||||Z||||||eng | ||
| 020 | _a9789382267294 | ||
| 040 | _cMAIN | ||
| 041 | _aeng | ||
| 082 | _a294.5923 | ||
| 100 |
_aJAB Van Buitenen, _eTranslator. |
||
| 245 |
_aMahabharata : _bselections from the Sabha Parva and Udyoga Parva / _cEdited by Kanav Gupta & Meha Pande . |
||
| 260 |
_aDelhi: _bWorldview, _c2016. |
||
| 300 | _a280p. | ||
| 653 | _aReligions of Indic origin | ||
| 700 |
_aJAB Van Buitenen, _eTranslator., _eTranslator., _eTranslator., _eTranslator., |
||
| 700 |
_aKanav Gupta, _eEditor. |
||
| 700 |
_aMeha Pande, _eEditor., |
||
| 700 |
_aByasdeva, _eAuthor. |
||
| 942 | _cBK | ||
| 999 |
_c9843 _d9843 |
||